00462cam a2200169ua 45000010005000000080039000050400009000440820010000531000029000632450057000922500009001492600042001583000017002006530014002176530034002317000027002651547110711n xxk |||gr||||Z||||||eng cMAIN a338.91 aAgarwal, A. N.,eauthor.1 aThe economics of underdevelopmentcby A. N. Agarwala a7th. aLondon:bOxford University Press,984. a510p:c23cm. aEconomics aeconomics of underdevelopment aSingh, S. P.,eAuthor.